ILO declaration on social justice for a fair globalization: adopted by the International Labour Conference at its ninethy-seven session, Geneva, 10 June 2008 (Record no. 76401)

MARC details
000 -LEADER
fixed length control field 00885nam a2200169 a 4500
008 - FIXED-LENGTH DATA ELEMENTS--GENERAL INFORMATION
fixed length control field 100909s2008 ||||||||||||||||| || u
050 ## - LIBRARY OF CONGRESS CALL NUMBER
Classification number UN-ILO(02)
110 ## - MAIN ENTRY--CORPORATE NAME
Corporate name or jurisdiction name as entry element International Labour Organization
245 10 - TITLE STATEMENT
Title ILO declaration on social justice for a fair globalization: adopted by the International Labour Conference at its ninethy-seven session, Geneva, 10 June 2008
260 ## - PUBLICATION, DISTRIBUTION, ETC.
Place of publication, distribution, etc. Geneva
Name of publisher, distributor, etc. International Labour Organization
Date of publication, distribution, etc. 2008
300 ## - PHYSICAL DESCRIPTION
Extent 22 pages
350 ## -
-- 0.00
650 #0 - SUBJECT ADDED ENTRY--TOPICAL TERM
Topical term or geographic name entry element SOCIAL JUSTICE
650 ## - SUBJECT ADDED ENTRY--TOPICAL TERM
Topical term or geographic name entry element LABOUR LAWS AND LEGISLATION
995 ## -
-- SPECIAL COLLECTIONS
-- 0.00
-- 03008156
-- CBU-MAIN LIBRARY (Kitwe)
-- 1
-- 0.00
-- UN-ILO(02)2008/B
-- 2
-- AVAILABLE
-- Aug 18, 2011
-- 03008156
-- International Publications
995 ## -
-- SPECIAL COLLECTIONS
-- 0.00
-- 03007091
-- CBU-MAIN LIBRARY (Kitwe)
-- 1
-- 0.00
-- UN-ILO(02)2008/A
-- 1
-- AVAILABLE
-- Sep 9, 2010
-- 03007091
-- International Publications
999 ## -
-- 76401
-- 76401
Holdings
Withdrawn status Lost status Source of classification or shelving scheme Damaged status Not for loan Permanent Location Current Location Shelving location Date acquired Total Checkouts Full call number Barcode Date last seen Copy number Price effective from Koha item type
          CBU-MAIN LIBRARY, KITWE. CBU-MAIN LIBRARY, KITWE.   04/25/2023   UN-ILO(02) 03008156 04/25/2023 1 04/25/2023 SPECIAL COLLECTION
          CBU-MAIN LIBRARY, KITWE. CBU-MAIN LIBRARY, KITWE.   04/25/2023   UN-ILO(02) 03007091 04/25/2023 2 04/25/2023 SPECIAL COLLECTION